I've Just Seen A Face Lyrics by The Beatles - Statistics

General Stats
  • This quiz has been taken 30 times
  • The average score is 148 of 178
Answer Stats
Answer % Correct
a
100%
can't
100%
face,
100%
I
100%
I've
100%
just
100%
see
100%
seen
100%
and
96%
for
96%
forget
96%
me
96%
met.
96%
she
96%
we
96%
where
96%
all
92%
girl
92%
or
92%
place
92%
She's
92%
the
92%
time
92%
to
92%
want
92%
we've
92%
world
92%
Da,
88%
da,
88%
da.
88%
have
88%
again.
83%
yes,
83%
am
79%
back
79%
been
79%
calling
79%
Falling,
79%
falling,
79%
Fallling,
79%
it
79%
keeps
79%
of
79%
other
79%
day,
75%
never
75%
way
75%
another
71%
Had
71%
like
71%
looked
71%
out
71%
this,
71%
this.
71%
might
67%
girls
63%
quite
63%
sight,
63%
were
63%
her
58%
I'd
58%
I'll
58%
kept
58%
alone
54%
as
54%
but
54%
dream
54%
is,
54%
known
50%
tonight.
50%
missed
46%
Mm,
46%
mm,
46%
mm.
46%
things
46%
aware,
42%
No matching quizzes found
Score Distribution
Percent of People with Each Score
Percentile by Number Answered
Your Score History
You have not taken this quiz